000 00501cam a22001695a 4500
001 ##L134595
008 060818s1930 xxk 000 0 eng u
035 _a(Sirsi) u134595
041 0 _aeng
110 2 _aLand Agents' Society
245 0 0 _aMemorandum referred to in the scales of professional charges under scale 1, general management
260 _aLondon
_bLand Agents' Society
_c1930
300 _a6p.
_c22cm.
651 4 _aUnited Kingdom
_y
690 _aBusiness and management
942 _n0
999 _c105735
_d105735